Ekonomické aspekty riadenia kvality - prehľad ukazovateľov súvisiacich s nákladmi na kvalitu

Druhy nákladov na kvalitu a ich priradenie do existujúcich modelov nákladov na kvalitu. Prehľad ukazovateľov súvisiacich s nákladmi na kvalitu. Rozbor nákladov na kvalitu. Rentabilita kvality.

Enregistré dans:
Détails bibliographiques
Auteur principal: Pudło, Patrycja
Format: Chapitre de livre
Langue:slovaque
Sujets:
Tags: Ajouter un tag
Pas de tags, Soyez le premier à ajouter un tag!

MARC

LEADER 00000nla$a2200000$$$4500
001 0092697
005 20240502072032.2
041 0 |a slo 
044 |a SK 
245 1 0 |a Ekonomické aspekty riadenia kvality - prehľad ukazovateľov súvisiacich s nákladmi na kvalitu  |c Patrycja Pudło 
520 |a Druhy nákladov na kvalitu a ich priradenie do existujúcich modelov nákladov na kvalitu. Prehľad ukazovateľov súvisiacich s nákladmi na kvalitu. Rozbor nákladov na kvalitu. Rentabilita kvality. 
610 2 0 |a riadenie kvality 
610 2 0 |a rentabilita 
610 2 0 |a náklady 
610 2 0 |a zákazníci 
610 2 0 |a efektívnosť ekonomická 
100 1 |a Pudło, Patrycja